Statistiques concernant Masques dans Zelda Majora's Mask

Cliquez ici pour prendre le quiz!

Statistiques générales

  • Ce quiz a été pris 361 fois
  • Le résultat moyen est 12 sur 24

Statistiques - réponses

°Masques% Correct
2Goron
97%
3Zora
97%
1Mojo
95%
11Lapin
80%
9Renard
66%
7Pierre
61%
23Géant
60%
4Facteur
56%
17Amoureux
54%
16Kafei
52%
20Momie
51%
18Vérité
47%
24Puissance des fées
44%
10Brème
43%
14Romani
42%
21Garo
41%
6Explosion
40%
5Nuit Blanche
40%
22Capitaine
37%
12Don-Gero
36%
19Kamaro
36%
13Parfums
28%
8Grandes Fées
27%
15Directeur du cirque
17%

Distribution des résultats

Percentile par nombre de réponses

% des personnes avec chaque résultat

Votre développement - résultats

Vous n’avez pas pris ce quiz